[Event "BL 9293 Empor Berlin-Dresden"]
[Site "?"]
[Date "1992.??.??"]
[Round "?.4"]
[White "Poldauf, D."]
[Black "Borriss, M."]
[Result "1/2-1/2"]
[WhiteElo "2345"]
[BlackElo "2375"]
[PlyCount "130"]
[EventDate "1992.??.??"]

1. c4 e5 2. Nc3 Bb4 3. Nd5 a5 4. g3 Ne7 5. Nxb4 axb4 6. Bg2 Nbc6 7. Nf3 d5 8.
cxd5 Qxd5 9. O-O Qd6 10. d3 Be6 11. Nd2 Qd7 12. Ne4 Ra5 13. Be3 b6 14. a3 bxa3
15. bxa3 O-O 16. Bd2 Ra7 17. Re1 Nd4 18. Bc3 Bb3 19. Qb1 Qa4 20. Qb2 Bd5 21.
Bxd4 Qxd4 22. Qc2 Rfa8 23. e3 Qa4 24. Qb2 Qd7 25. Qxe5 Rxa3 26. Rac1 c6 27.
Red1 h6 28. Rb1 Rb3 29. Rxb3 Bxb3 30. Rc1 Rd8 31. h4 Be6 32. Qb2 Nd5 33. Nc3
Rb8 34. Nxd5 Bxd5 35. Qe5 Rd8 36. Bxd5 cxd5 37. Rc7 Qd6 38. Qxd6 Rxd6 39. Kf1
h5 40. Ke2 g6 41. Kd2 Kg7 42. Kc3 Kf6 43. Kb4 Ke6 44. Kb5 Rd8 45. Rc6+ Kf5 46.
Kxb6 Rb8+ 47. Kc5 Rb2 48. Kxd5 Rxf2 49. Rc4 g5 50. Kd6 f6 51. e4+ Kg6 52. Ke7
Rf3 53. Rc6 Rxd3 54. e5 Rxg3 55. exf6 Rf3 56. hxg5 Kxg5 57. f7 h4 58. f8=Q Rxf8
59. Kxf8 h3 60. Kg7 Kg4 61. Kg6 h2 62. Rc1 Kf3 63. Kg5 Kg2 64. Kg4 h1=Q 65.
Rxh1 Kxh1 1/2-1/2

[Event "BL 9293 Empor Berlin-Dresden"]
[Site "?"]
[Date "1992.??.??"]
[Round "?.5"]
[White "Goldberg, A."]
[Black "Stern, R."]
[Result "0-1"]
[WhiteElo "2365"]
[BlackElo "2375"]
[PlyCount "80"]
[EventDate "1992.??.??"]

1. e4 e5 2. Bc4 Nf6 3. d3 Nc6 4. Nc3 Na5 5. Nge2 Nxc4 6. dxc4 Be7 7. f4 exf4 8.
Nxf4 d6 9. O-O O-O 10. b3 Ng4 11. h3 Ne5 12. Ncd5 Be6 13. Bb2 Bxd5 14. Nxd5 c6
15. Ne3 Bf6 16. Kh1 Re8 17. Nf5 Re6 18. Nd4 Re8 19. Nf5 Re6 20. Qe2 Nd7 21.
Bxf6 Nxf6 22. Qf3 Nxe4 23. Nxg7 Re5 24. Qxf7+ Kh8 25. Nf5 Qf8 26. Qxf8+ Rxf8
27. g4 Rfxf5 28. gxf5 Ng3+ 29. Kg2 Nxf1 30. Rxf1 Kg7 31. f6+ Kf7 32. Rf2 Rg5+
33. Kf3 Rf5+ 34. Ke3 Rxf2 35. Kxf2 Kxf6 36. Kf3 Kf5 37. Kg3 Ke4 38. Kg4 d5 39.
cxd5 cxd5 40. Kg5 Ke3 0-1

[Event "BL 9293 Empor Berlin-Dresden"]
[Site "?"]
[Date "1992.??.??"]
[Round "?.6"]
[White "Urban, Ju"]
[Black "Heinatz, T."]
[Result "0-1"]
[WhiteElo "2400"]
[BlackElo "2355"]
[PlyCount "84"]
[EventDate "1992.??.??"]

1. Nf3 d6 2. g3 e5 3. d3 g6 4. Bg2 Bg7 5. c4 f5 6. Nc3 Nf6 7. O-O O-O 8. Bg5 h6
9. Bxf6 Qxf6 10. Qc2 g5 11. Rab1 Nc6 12. e3 Be6 13. Nd5 Qf7 14. b4 Nd8 15. b5
f4 16. Nd2 c6 17. bxc6 bxc6 18. Nb4 Rc8 19. Qa4 g4 20. Ne4 Qe7 21. c5 dxc5 22.
Na6 f3 23. Bh1 c4 24. dxc4 Bf5 25. c5 Nf7 26. h4 Rfd8 27. Rb4 h5 28. Rfb1 Qe6
29. Rc1 Rd3 30. Rb7 Rcd8 31. Nc7 Qd7 32. Nd6 Nxd6 33. cxd6 Qxd6 34. Qc4+ Kh8
35. Qf7 Bg6 36. Qxg7+ Kxg7 37. Ne8+ Kh6 38. Nxd6 R8xd6 39. Rxa7 Rd1+ 40. Rxd1
Rxd1+ 41. Kh2 Rf1 42. Ra5 Bd3 0-1

[Event "BL 9293 Empor Berlin-Dresden"]
[Site "?"]
[Date "1992.??.??"]
[Round "?.8"]
[White "Rosenthal, D."]
[Black "Wegener, D."]
[Result "1-0"]
[WhiteElo "2340"]
[BlackElo "2310"]
[PlyCount "121"]
[EventDate "1992.??.??"]

1. e4 e6 2. d4 d5 3. e5 c5 4. c3 Nc6 5. Nf3 Qb6 6. a3 Bd7 7. b4 cxd4 8. cxd4
Rc8 9. Be3 Nge7 10. Bd3 Nf5 11. O-O Be7 12. Qe1 O-O 13. Nc3 Nxe3 14. fxe3 f6
15. Na4 Qd8 16. exf6 Bxf6 17. Qb1 g6 18. Nc5 b6 19. Nxd7 Qxd7 20. Bb5 Qd6 21.
Qb3 a5 22. bxa5 Nxa5 23. Qd3 Rc7 24. Ba6 Qc6 25. Rab1 Kg7 26. Qe2 Qd6 27. Qb2
Ra8 28. Bd3 Nb7 29. Ra1 Rc6 30. Bb5 Rc7 31. a4 Qd8 32. Bd3 Rc6 33. e4 Rac8 34.
Rad1 Na5 35. Qe2 Nc4 36. Ne5 Bxe5 37. dxe5 Nxe5 38. exd5 Qxd5 39. Ba6 Qc5+ 40.
Kh1 Re8 41. Bb5 Rcc8 42. Bxe8 Rxe8 43. Rc1 Qd6 44. Rfd1 Qb8 45. Rb1 h5 46. Qb2
Kh6 47. Qxb6 Qxb6 48. Rxb6 Ng4 49. Ra1 e5 50. Kg1 e4 51. Re1 Kg5 52. h3 Nh6 53.
h4+ Kxh4 54. Rb4 Ng4 55. Rbxe4 Rb8 56. R4e2 Ra8 57. Ra1 Ra5 58. Rb2 Rg5 59. a5
Ne5 60. Rb4+ Ng4 61. a6 1-0

[Event "BL 9293 Kirchheim-Solingen"]
[Site "?"]
[Date "1992.??.??"]
[Round "?.1"]
[White "Chandler, M."]
[Black "Haba, P."]
[Result "1-0"]
[WhiteElo "2575"]
[BlackElo "2505"]
[PlyCount "59"]
[EventDate "1992.??.??"]

1. e4 e5 2. Nf3 Nf6 3. Nxe5 d6 4. Nf3 Nxe4 5. d4 d5 6. Bd3 Bd6 7. O-O O-O 8. c4
c6 9. cxd5 cxd5 10. Nc3 Nxc3 11. bxc3 Bg4 12. Rb1 Nd7 13. h3 Bh5 14. Rb5 Nb6
15. c4 Bxf3 16. Qxf3 dxc4 17. Bc2 Qd7 18. a4 Rab8 19. Bb2 Nc8 20. Qc3 a6 21.
Rg5 Qc7 22. Rc5 Bxc5 23. dxc5 f6 24. Qxc4+ Rf7 25. Qe4 g6 26. Bb3 Na7 27. Bxf6
Nc6 28. Qh4 Na5 29. Ba2 Qxc5 30. Bd4 1-0

[Event "BL 9293 Kirchheim-Solingen"]
[Site "?"]
[Date "1992.??.??"]
[Round "?.2"]
[White "Gschnitzer, O."]
[Black "Podzielny, KH."]
[Result "1-0"]
[WhiteElo "2475"]
[BlackElo "2435"]
[PlyCount "47"]
[EventDate "1992.??.??"]

1. d4 Nf6 2. c4 g6 3. Nc3 Bg7 4. e4 d6 5. Nf3 O-O 6. Be2 Na6 7. O-O Qe8 8. e5
dxe5 9. Nxe5 c6 10. Re1 Bf5 11. Qb3 Qc8 12. Bf4 Rd8 13. Rad1 h5 14. h3 Nc7 15.
Bf3 Ne6 16. Be3 Nf8 17. Qb4 Qc7 18. Bf4 Qb6 19. Qxe7 Qxb2 20. Qxf7+ Kh7 21. Ne4
Nxe4 22. Bxe4 Bxe4 23. Rxe4 Re8 24. Nd7 1-0

[Event "BL 9293 Kirchheim-Solingen"]
[Site "?"]
[Date "1992.??.??"]
[Round "?.3"]
[White "Zysk, R."]
[Black "Graf, Ju"]
[Result "1-0"]
[WhiteElo "2440"]
[BlackElo "2445"]
[PlyCount "111"]
[EventDate "1992.??.??"]

1. d4 Nf6 2. Nf3 g6 3. c4 Bg7 4. g3 O-O 5. Bg2 d6 6. O-O Nc6 7. Nc3 Bg4 8. Be3
Qd7 9. Rc1 Bh3 10. d5 Na5 11. b3 c5 12. Bd2 b6 13. e4 Bxg2 14. Kxg2 a6 15. Re1
Qc7 16. Qe2 Nd7 17. Bf4 f6 18. h4 Nb7 19. h5 g5 20. Bd2 Rae8 21. Nd1 Nd8 22.
Ne3 Nf7 23. Nf5 Nh6 24. Nxh6+ Bxh6 25. Nh4 Ne5 26. Nf5 Nf7 27. Bc3 Kh8 28. Rh1
Rg8 29. Qb2 Qd8 30. Rce1 Bf8 31. b4 Nh6 32. bxc5 bxc5 33. Qb7 Nxf5 34. exf5 g4
35. Bd2 Qc8 36. Qxc8 Rxc8 37. h6 e5 38. fxe6 Be7 39. Rb1 Rb8 40. Rb3 Rxb3 41.
axb3 Rb8 42. Ra1 Rb6 43. Ra3 Kg8 44. f3 f5 45. fxg4 fxg4 46. Ba5 Rb7 47. Bc3
Rb6 48. Bg7 Bg5 49. Kf1 Bc1 50. Ra2 Rxb3 51. Rxa6 Rf3+ 52. Ke2 Re3+ 53. Kd1
Rd3+ 54. Kxc1 Rd1+ 55. Kc2 Rc1+ 56. Kb3 1-0

[Event "BL 9293 Kirchheim-Solingen"]
[Site "?"]
[Date "1992.??.??"]
[Round "?.4"]
[White "Tompa, J."]
[Black "Reeh, O."]
[Result "1/2-1/2"]
[WhiteElo "2420"]
[BlackElo "2455"]
[PlyCount "56"]
[EventDate "1992.??.??"]

1. e4 c5 2. Nc3 Nc6 3. g3 g6 4. Bg2 Bg7 5. d3 d6 6. Nge2 b6 7. O-O Bb7 8. a3
Nf6 9. h3 O-O 10. f4 e6 11. g4 d5 12. e5 Ne8 13. g5 Ne7 14. Ng3 Nf5 15. Nxf5
exf5 16. Ne2 Nc7 17. Be3 Ne6 18. d4 Qd7 19. Rf2 Rac8 20. c3 Rfd8 21. Ng3 Ba6
22. Rd2 cxd4 23. cxd4 Bf8 24. Rc1 Rxc1 25. Qxc1 Rc8 26. Rc2 Rxc2 27. Qxc2 Bc4
28. Nf1 a5 1/2-1/2

[Event "BL 9293 Kirchheim-Solingen"]
[Site "?"]
[Date "1992.??.??"]
[Round "?.5"]
[White "Schaefer, Ma"]
[Black "Beckhuis, G."]
[Result "1-0"]
[WhiteElo "2435"]
[BlackElo "2365"]
[PlyCount "79"]
[EventDate "1992.??.??"]

1. e4 e6 2. d4 d5 3. Nd2 c5 4. Ngf3 Nf6 5. e5 Nfd7 6. c4 Nc6 7. cxd5 exd5 8.
Bd3 Be7 9. O-O cxd4 10. Re1 Nc5 11. Nb3 Nxd3 12. Qxd3 Nb4 13. Qd1 d3 14. Nfd4
O-O 15. a3 Nc2 16. Nxc2 dxc2 17. Qxc2 Be6 18. Be3 Qd7 19. Qd2 Rfc8 20. Rac1 Rc4
21. Bc5 Bxc5 22. Nxc5 Qc6 23. Rxc4 dxc4 24. Ne4 Bd5 25. Nd6 Bxg2 26. Nf5 Re8
27. Qg5 Qg6 28. Qxg6 hxg6 29. Nd6 Bc6 30. Nxe8 Bxe8 31. f4 Kf8 32. Kf2 Ke7 33.
Ke3 Bd7 34. Rg1 Bf5 35. Kd4 Bd3 36. Kd5 Kd7 37. Re1 b5 38. e6+ fxe6+ 39. Rxe6
a5 40. Rb6 1-0

[Event "BL 9293 Kirchheim-Solingen"]
[Site "?"]
[Date "1992.??.??"]
[Round "?.6"]
[White "Biebinger, G."]
[Black "Thesing, M."]
[Result "0-1"]
[WhiteElo "2350"]
[BlackElo "2410"]
[PlyCount "80"]
[EventDate "1992.??.??"]

1. c4 e5 2. Nc3 Bb4 3. Nd5 a5 4. e3 Nf6 5. Ne2 Nxd5 6. cxd5 O-O 7. Nc3 d6 8.
Be2 Qg5 9. O-O Bh3 10. Bf3 f5 11. Kh1 Bg4 12. Nb5 Bxf3 13. gxf3 Qe7 14. d4 Qd7
15. a4 Na6 16. Nc3 Qf7 17. dxe5 dxe5 18. e4 Rad8 19. Qe2 Nc5 20. Be3 Nb3 21.
Rad1 f4 22. Ba7 b6 23. Nb5 Bc5 24. Rg1 Nd4 25. Rxd4 Bxd4 26. Rc1 Bc5 27. Rxc5
bxc5 28. Bxc5 Qd7 29. Bxf8 Rxf8 30. Qc4 Rf7 31. Kg2 h6 32. b3 Kh7 33. Na7 Rf6
34. Kf1 Rg6 35. Ke2 Rg1 36. Nc6 Qh3 37. Kd2 Qxf3 38. Nxe5 Qd1+ 39. Kc3 Qa1+ 40.
Kd3 Qxe5 0-1

[Event "BL 9293 Kirchheim-Solingen"]
[Site "?"]
[Date "1992.??.??"]
[Round "?.7"]
[White "Beckemeyer, W."]
[Black "Mueller, O."]
[Result "0-1"]
[WhiteElo "2390"]
[BlackElo "2345"]
[PlyCount "140"]
[EventDate "1992.??.??"]

1. Nf3 Nf6 2. g3 d5 3. Bg2 Bf5 4. O-O e6 5. c4 Nc6 6. cxd5 exd5 7. d4 Be7 8.
Nc3 Ne4 9. Qb3 Nxc3 10. bxc3 Na5 11. Qa4+ c6 12. Nd2 O-O 13. Ba3 Re8 14. Rfe1
Bxa3 15. Qxa3 b6 16. e4 dxe4 17. Nxe4 Re6 18. Nd2 Qe8 19. Nf3 Rd8 20. Rxe6 Bxe6
21. Re1 Qf8 22. Qa4 Qd6 23. Ng5 Bf5 24. Qb4 Kf8 25. Qa4 f6 26. Ne4 Re8 27. Re3
Qd7 28. Qa3+ Kg8 29. Nd6 Rxe3 30. fxe3 Bd3 31. e4 Qg4 32. Qc1 Qe6 33. Qf4 Qxa2
34. Nf5 Qa1+ 35. Kf2 Qb2+ 36. Kg1 Qb1+ 37. Kf2 Qc2+ 38. Kg1 Qd1+ 39. Bf1 Qxf1+
40. Qxf1 Bxf1 41. Kxf1 Kf7 42. Nd6+ Ke6 43. Nc8 c5 44. Nxa7 cxd4 45. cxd4 Nb3
46. d5+ Ke5 47. Nc8 b5 48. d6 Ke6 49. Ke2 Nd4+ 50. Kd3 Nc6 51. h4 g6 52. Ke3
Kd7 53. Nb6+ Kxd6 54. Nd5 Ke5 55. Nf4 Kd6 56. Nd5 Ke5 57. Nf4 b4 58. h5 g5 59.
Nd3+ Kd6 60. Kd2 Kc7 61. Nc5 Kd6 62. Nd3 h6 63. Kc2 Nd4+ 64. Kd2 b3 65. g4 Nf3+
66. Kc3 Ne5 67. Nf2 Kc5 68. Nh1 Nxg4 69. Ng3 b2 70. Kxb2 Kd4 0-1

[Event "BL 9293 Kirchheim-Solingen"]
[Site "?"]
[Date "1992.??.??"]
[Round "?.8"]
[White "Burkart, P."]
[Black "Schmidt, B."]
[Result "1-0"]
[WhiteElo "2285"]
[BlackElo "2340"]
[PlyCount "81"]
[EventDate "1992.??.??"]

1. d4 d5 2. Nf3 Nf6 3. c4 dxc4 4. e3 e6 5. Bxc4 c5 6. O-O a6 7. b3 b5 8. Be2
Bb7 9. Bb2 Nc6 10. a4 b4 11. Nbd2 Be7 12. Rc1 cxd4 13. Nxd4 Na5 14. Bf3 Bxf3
15. Qxf3 Qd5 16. Nc4 Nxc4 17. Rxc4 Qxf3 18. gxf3 Nd5 19. Nc6 a5 20. Rd1 Bd8 21.
Nxd8 Rxd8 22. e4 Nf4 23. Rxd8+ Kxd8 24. Be5 Ng6 25. Rc5 Ke7 26. Rc7+ Kd8 27.
Bd6 Re8 28. Rxf7 e5 29. Bc7+ Kc8 30. Bxa5 Re6 31. Rc7+ Kb8 32. Rc4 Nf4 33. Bxb4
Kb7 34. Bd2 Ne2+ 35. Kf1 Nd4 36. f4 Nf3 37. Ke2 Nd4+ 38. Ke3 Nxb3 39. Rb4+ Rb6
40. Rxb6+ Kxb6 41. fxe5 1-0

[Event "BL 9293 Sindelfingen-Dortmund"]
[Site "?"]
[Date "1992.??.??"]
[Round "?.3"]
[White "Stein, B."]
[Black "Gabriel, C."]
[Result "1/2-1/2"]
[WhiteElo "2370"]
[BlackElo "2490"]
[PlyCount "58"]
[EventDate "1992.??.??"]

1. Nf3 Nf6 2. g3 d5 3. Bg2 g6 4. O-O Bg7 5. c4 O-O 6. cxd5 Nxd5 7. d4 Nb6 8.
Nc3 Nc6 9. d5 Na5 10. e4 c6 11. Qe2 cxd5 12. Nxd5 Nxd5 13. exd5 Qxd5 14. Qxe7
Qe6 15. Qc7 Qb6 16. Qf4 Bf5 17. Be3 Qxb2 18. Bd4 Bxd4 19. Nxd4 Bd3 20. Rfe1
Rad8 21. Nf3 Nc6 22. h4 h5 23. Bh3 Kg7 24. Ng5 Nd4 25. Kh1 Qb4 26. Rac1 Bb5 27.
Bg2 Qd6 28. Qxd6 Rxd6 29. Bxb7 Rd7 1/2-1/2

[Event "BL 9293 Sindelfingen-Dortmund"]
[Site "?"]
[Date "1992.??.??"]
[Round "?.4"]
[White "Fahnenschmidt, G."]
[Black "Buecker, S."]
[Result "1-0"]
[WhiteElo "2370"]
[BlackElo "2365"]
[PlyCount "89"]
[EventDate "1992.??.??"]

1. d4 f5 2. g3 Nf6 3. Bg2 d6 4. Nf3 g6 5. O-O Bg7 6. c4 O-O 7. Nc3 c6 8. d5 Qb6
9. Rb1 Qa6 10. b3 Bd7 11. Bb2 Qb6 12. Nd4 Na6 13. e4 f4 14. gxf4 Nh5 15. Na4
Qa5 16. f5 cxd5 17. fxg6 dxe4 18. gxh7+ Kh8 19. Nb5 Nf6 20. Nac3 Nc5 21. Ba1
Qd8 22. b4 Ne6 23. Nxe4 Nxh7 24. Bxg7+ Nxg7 25. Nd4 Rf4 26. Ne2 Rh4 27. N2g3
Qc8 28. c5 Bh3 29. cxd6 Bxg2 30. d7 Qg8 31. Kxg2 Ne6 32. Kh1 Nhf8 33. Rb2 Rd8
34. Rd2 Qh7 35. f3 Nf4 36. Qa1+ Kg8 37. Rg1 N8g6 38. Nf5 Rh5 39. Ng5 Rxg5 40.
Rxg5 Kf7 41. Ng3 Qh3 42. Rf5+ Kg8 43. Qd4 Qh4 44. Qc4+ e6 45. Rd4 1-0

[Event "BL 9293 Sindelfingen-Dortmund"]
[Site "?"]
[Date "1992.??.??"]
[Round "?.5"]
[White "Busch, K."]
[Black "Mohr, S."]
[Result "0-1"]
[WhiteElo "2420"]
[BlackElo "2440"]
[PlyCount "80"]
[EventDate "1992.??.??"]

1. c4 e5 2. Nc3 d6 3. g3 Nc6 4. Bg2 g6 5. e3 Bg7 6. Nge2 f5 7. d3 Nf6 8. O-O
O-O 9. Rb1 a5 10. b3 Ne7 11. f4 c6 12. Qd2 Be6 13. Ba3 Bf7 14. Rbd1 Re8 15. h3
Qc7 16. Rfe1 Rad8 17. Bb2 h6 18. Kh1 Kh7 19. Rf1 exf4 20. gxf4 d5 21. Nd4 c5
22. Nf3 dxc4 23. Ne5 Bg8 24. bxc4 Nh5 25. Qf2 Nc8 26. Bf3 Bxe5 27. Nb5 Qe7 28.
Bxe5 Ng7 29. Rg1 Ne6 30. Nc3 Nf8 31. Qg3 Be6 32. h4 Rd7 33. Bd5 Qf7 34. h5 Nb6
35. Bf3 gxh5 36. Rb1 Nc8 37. Rb2 Ng6 38. Bxh5 Nce7 39. Rbg2 Rg8 40. Qh3 {Zeit}
Rxd3 0-1

[Event "BL 9293 Sindelfingen-Dortmund"]
[Site "?"]
[Date "1992.??.??"]
[Round "?.6"]
[White "Marinkovic, I."]
[Black "Dermann, G."]
[Result "1-0"]
[WhiteElo "2445"]
[BlackElo "2330"]
[PlyCount "67"]
[EventDate "1992.??.??"]

1. e4 e6 2. d4 d5 3. Nd2 Nf6 4. e5 Nfd7 5. c3 c5 6. Bd3 Nc6 7. Ne2 cxd4 8. cxd4
f6 9. exf6 Nxf6 10. Nf3 Qc7 11. O-O Bd6 12. g3 O-O 13. Bf4 Bd7 14. Rc1 Nh5 15.
Bxd6 Qxd6 16. Nc3 g6 17. Re1 Qb4 18. a3 Qxb2 19. Nb5 Rxf3 20. Qxf3 a6 21. Rb1
Qd2 22. Nd6 Rf8 23. Qe3 Qa5 24. Nxb7 Qxa3 25. Nc5 Bc8 26. Bxa6 Qxe3 27. fxe3
Bxa6 28. Nxa6 Na5 29. Rf1 Rc8 30. g4 Ng7 31. Rb8 Rxb8 32. Nxb8 Ne8 33. Nd7 Nc7
34. Rf8+ 1-0

[Event "BL 9293 Sindelfingen-Dortmund"]
[Site "?"]
[Date "1992.??.??"]
[Round "?.7"]
[White "Kalka, A."]
[Black "Kraut, R."]
[Result "0-1"]
[WhiteElo "2400"]
[BlackElo "2425"]
[PlyCount "84"]
[EventDate "1992.??.??"]

1. e4 c5 2. Nf3 d6 3. d4 cxd4 4. Nxd4 Nf6 5. Nc3 Nc6 6. Bg5 e6 7. Qd2 a6 8. Be2
Be7 9. O-O O-O 10. Rad1 Bd7 11. Nb3 b5 12. Bxf6 gxf6 13. Bd3 Kh8 14. f4 Qb6+
15. Kh1 Rg8 16. Rf3 Rg7 17. Qe1 Rag8 18. Ne2 a5 19. Rg3 a4 20. Nbc1 b4 21. Rxg7
Rxg7 22. Ng3 Qc5 23. Nce2 Bd8 24. c3 Rg8 25. Bb1 Be7 26. Qd2 a3 27. cxb4 Qxb4
28. Qd3 Qxb2 29. e5 f5 30. exd6 Bf6 31. Qf3 Rb8 32. Qh5 Nd8 33. Ne4 fxe4 34.
Bxe4 Kg7 35. Rb1 Qxb1+ 36. Bxb1 Rxb1+ 37. Ng1 Bc6 38. Qc5 Rb2 39. Nf3 Rb1+ 40.
Ng1 Rb2 41. Nf3 Bxf3 42. gxf3 Rxa2 0-1

[Event "BL 9293 Sindelfingen-Dortmund"]
[Site "?"]
[Date "1992.??.??"]
[Round "?.8"]
[White "Gerstner, W."]
[Black "Illner, A."]
[Result "1/2-1/2"]
[WhiteElo "2375"]
[BlackElo "2320"]
[PlyCount "30"]
[EventDate "1992.??.??"]

1. d4 f5 2. g3 Nf6 3. Bg2 g6 4. Nh3 Bg7 5. c3 Nc6 6. Qb3 e6 7. Nf4 O-O 8. h4 a5
9. a4 Qe8 10. h5 g5 11. h6 Bh8 12. Nd3 Qg6 13. Bxc6 bxc6 14. Ne5 Qe8 15. Bxg5
c5 1/2-1/2

[Event "BL 9293 Solingen-Sindelfingen"]
[Site "?"]
[Date "1992.??.??"]
[Round "?.1"]
[White "Luther, T."]
[Black "Chandler, M."]
[Result "1/2-1/2"]
[WhiteElo "2435"]
[BlackElo "2575"]
[PlyCount "70"]
[EventDate "1992.??.??"]

1. e4 c6 2. d4 d5 3. Nd2 dxe4 4. Nxe4 Bf5 5. Ng3 Bg6 6. h4 h6 7. Nf3 Nd7 8. h5
Bh7 9. Bd3 Bxd3 10. Qxd3 e6 11. Bd2 Ngf6 12. O-O-O Qc7 13. Qe2 c5 14. Rhe1 c4
15. Ne5 Nxe5 16. dxe5 Nd5 17. Ne4 b5 18. Qg4 O-O-O 19. Nc3 Nxc3 20. Bxc3 Bc5
21. Bd4 Bxd4 22. Rxd4 Rxd4 23. Qxd4 Rd8 24. Qe4 Rd5 25. c3 Qd8 26. f4 Kb8 27.
g3 a6 28. a3 Qb6 29. Rd1 Rxd1+ 30. Kxd1 Qg1+ 31. Kc2 Qxg3 32. Qc6 Qd3+ 33. Kc1
Qf1+ 34. Kc2 Qd3+ 35. Kc1 Qf1+ 1/2-1/2

[Event "BL 9293 Solingen-Sindelfingen"]
[Site "?"]
[Date "1992.??.??"]
[Round "?.2"]
[White "Podzielny, KH."]
[Black "Krasenkov, M."]
[Result "1/2-1/2"]
[WhiteElo "2435"]
[BlackElo "2555"]
[PlyCount "91"]
[EventDate "1992.??.??"]

1. Nf3 Nf6 2. g3 b5 3. a4 b4 4. Bg2 Bb7 5. O-O e6 6. d3 d5 7. Nbd2 c5 8. e4 Nc6
9. exd5 Nxd5 10. Re1 Be7 11. Nc4 O-O 12. h4 Qc7 13. Bg5 Rad8 14. Qe2 Rfe8 15.
Ne3 Nxe3 16. Bxe3 Bf6 17. Rab1 Nd4 18. Bxd4 cxd4 19. Rec1 Bd5 20. Nd2 g6 21.
Nc4 Qc6 22. Bxd5 exd5 23. Qf3 Bg7 24. Na5 Qa6 25. Nb3 Qxa4 26. Ra1 Qd7 27. Ra5
Re7 28. Kg2 Qc6 29. Rc5 Qd6 30. Ra1 Rc7 31. Ra6 Qd7 32. Qf4 Rxc5 33. Nxc5 Qe7
34. Nb3 Be5 35. Qf3 Qc7 36. Qe2 Bg7 37. Ra5 Qd7 38. Qf3 h5 39. Qf4 Qe7 40. Nxd4
Qb7 41. Rb5 Qc8 42. Rxb4 Bxd4 43. Qxd4 Qxc2 44. Rb7 a5 45. Ra7 Qd2 46. Qc3
1/2-1/2

[Event "BL 9293 Solingen-Sindelfingen"]
[Site "?"]
[Date "1992.??.??"]
[Round "?.4"]
[White "Reeh, O."]
[Black "Fahnenschmidt, G."]
[Result "1/2-1/2"]
[WhiteElo "2455"]
[BlackElo "2370"]
[PlyCount "54"]
[EventDate "1992.??.??"]

1. e4 c5 2. Nf3 d6 3. d4 cxd4 4. Nxd4 Nf6 5. Nc3 Nc6 6. Bc4 e6 7. Be3 Be7 8.
Qe2 a6 9. O-O-O O-O 10. Bb3 Qc7 11. Kb1 b5 12. Nxc6 Qxc6 13. Bd4 Bb7 14. Rhe1
Rfe8 15. f4 Bd8 16. Rd3 e5 17. fxe5 dxe5 18. Be3 Nxe4 19. Nxe4 Qxe4 20. Qf2 Bf6
21. Rd7 Red8 22. Bxf7+ Kh8 23. Rxd8+ Rxd8 24. g3 Qg4 25. a3 Rd1+ 26. Ka2 Bd5+
27. Bxd5 Rxd5 1/2-1/2

[Event "BL 9293 Solingen-Sindelfingen"]
[Site "?"]
[Date "1992.??.??"]
[Round "?.5"]
[White "Mohr, S."]
[Black "Schaefer, Ma"]
[Result "0-1"]
[WhiteElo "2440"]
[BlackElo "2435"]
[PlyCount "79"]
[EventDate "1992.??.??"]

1. d4 Nf6 2. c4 g6 3. Nc3 Bg7 4. e4 d6 5. Be2 O-O 6. Bg5 Na6 7. f4 Qe8 8. Qd2
e5 9. fxe5 dxe5 10. d5 Nc5 11. Qc2 Nfxe4 12. Nxe4 Bf5 13. Bf3 Bxe4 14. Bxe4 f5
15. Bf3 e4 16. Be2 f4 17. Kf1 Qd7 18. h3 f3 19. gxf3 Rae8 20. Kg2 Qf5 21. f4 h6
22. Bg4 Qf7 23. Bh4 Qxf4 24. Ne2 Qe3 25. Qc1 Qf3+ 26. Bxf3 exf3+ 27. Kf1 Rxe2
28. Qd1 Rxb2 29. Rg1 g5 30. Bxg5 hxg5 31. Rxg5 Rg2 32. Rxg2 fxg2+ 33. Kxg2 Ne4
34. Rc1 Rf2+ 35. Kg1 Rd2 36. Qg4 Nf2 37. Qe6+ Kh7 38. Qf5+ Kh8 39. Rf1 Bd4 40.
Qh5+ {Zeit} 0-1

[Event "BL 9293 Solingen-Sindelfingen"]
[Site "?"]
[Date "1992.??.??"]
[Round "?.6"]
[White "Thesing, M."]
[Black "Marinkovic, I."]
[Result "1/2-1/2"]
[WhiteElo "2410"]
[BlackElo "2445"]
[PlyCount "58"]
[EventDate "1992.??.??"]

1. d4 Nf6 2. Nf3 c5 3. e3 cxd4 4. exd4 d5 5. c4 g6 6. Nc3 Bg7 7. Be2 O-O 8. O-O
Nc6 9. Re1 Be6 10. cxd5 Bxd5 11. Nxd5 Qxd5 12. Qa4 e6 13. Bf4 Nd7 14. Rad1 Nb6
15. Qa3 Rad8 16. Be5 Qa5 17. Qxa5 Nxa5 18. Rc1 Nc6 19. a3 Rd5 20. Bxg7 Kxg7 21.
Ba6 Na5 22. Bd3 Rfd8 23. Be4 R5d7 24. Rc5 Nac4 25. b3 Nd6 26. Bd3 Nf5 27. Bxf5
gxf5 28. Rec1 Nd5 29. Kf1 f6 1/2-1/2

[Event "BL 9293 Solingen-Sindelfingen"]
[Site "?"]
[Date "1992.??.??"]
[Round "?.7"]
[White "Kraut, R."]
[Black "Beckemeyer, W."]
[Result "1/2-1/2"]
[WhiteElo "2425"]
[BlackElo "2390"]
[PlyCount "60"]
[EventDate "1992.??.??"]

1. e4 e5 2. Nf3 Nc6 3. Bb5 a6 4. Bxc6 dxc6 5. O-O Qd6 6. d3 f6 7. Be3 c5 8.
Nbd2 Be6 9. Qe2 Ne7 10. c3 Nc6 11. Rfd1 Qd7 12. Nc4 b5 13. Ncd2 Bd6 14. a3 O-O
15. b4 cxb4 16. axb4 Rfd8 17. d4 exd4 18. Nxd4 Nxd4 19. Bxd4 Qe7 20. Qe3 a5 21.
f4 Bg4 22. Rdb1 axb4 23. Rxa8 Rxa8 24. e5 Bf5 25. Qf3 Qe8 26. exf6 gxf6 27.
Qd5+ Be6 28. Qf3 Bf5 29. Qd5+ Be6 30. Qf3 Bf5 1/2-1/2

[Event "BL 9293 Solingen-Sindelfingen"]
[Site "?"]
[Date "1992.??.??"]
[Round "?.8"]
[White "Schmidt, B."]
[Black "Gerstner, W."]
[Result "1-0"]
[WhiteElo "2340"]
[BlackElo "2375"]
[PlyCount "87"]
[EventDate "1992.??.??"]

1. d4 d5 2. Nf3 Nf6 3. c4 e6 4. Nc3 c6 5. cxd5 exd5 6. Bg5 Be7 7. Qc2 g6 8. e3
Bf5 9. Bd3 Bxd3 10. Qxd3 O-O 11. Bxf6 Bxf6 12. b4 a6 13. Na4 Nd7 14. O-O b5 15.
Nc5 Nxc5 16. bxc5 a5 17. a4 b4 18. Nd2 Bg7 19. Nb3 f5 20. f3 Qd7 21. Rfe1 Rfe8
22. Ra2 Qf7 23. Rae2 Bh6 24. g3 Bg5 25. Kf2 Bd8 26. Rg1 Bc7 27. Ke1 Re6 28. Kd2
Kh8 29. Rge1 Kg7 30. Kc2 Bd8 31. h3 Ra7 32. Nd2 Rae7 33. Kb3 h5 34. f4 Ra7 35.
Nf3 Bf6 36. Rg1 Qd7 37. g4 fxg4 38. hxg4 hxg4 39. Rxg4 Re4 40. Reg2 Kf7 41. Nd2
Re6 42. Qxg6+ Ke7 43. R2g3 Qe8 44. f5 1-0

[Event "BL 9293 Dortmund-Kirchheim"]
[Site "?"]
[Date "1992.??.??"]
[Round "?.1"]
[White "Haba, P."]
[Black "Schmittdiel, E."]
[Result "0-1"]
[WhiteElo "2505"]
[BlackElo "2480"]
[PlyCount "72"]
[EventDate "1992.??.??"]

1. e4 c5 2. c3 e6 3. d4 d5 4. e5 Nc6 5. Nf3 Bd7 6. a3 c4 7. h4 Na5 8. Nbd2 Bc6
9. h5 Qd7 10. Nh4 Ba4 11. Qe2 Bc2 12. f4 Qa4 13. Qf2 f5 14. Be2 Nh6 15. g3 Nb3
16. Nxb3 Qxb3 17. O-O Be7 18. Ng2 O-O-O 19. Ne3 Be4 20. Bf3 Bxf3 21. Qxf3 Rhg8
22. Rf2 g6 23. Rg2 Rg7 24. hxg6 Rxg6 25. Nf1 Ng4 26. Be3 h5 27. Qd1 Qxd1 28.
Rxd1 Rdg8 29. Rdd2 h4 30. gxh4 Bxh4 31. Rde2 Nf2 32. Rxg6 Rxg6+ 33. Kh2 Nd3 34.
Kh3 Rg4 35. Rc2 Be1 36. Re2 Rxf4 0-1

[Event "BL 9293 Dortmund-Kirchheim"]
[Site "?"]
[Date "1992.??.??"]
[Round "?.2"]
[White "Heyken, E."]
[Black "Gschnitzer, O."]
[Result "1/2-1/2"]
[WhiteElo "2410"]
[BlackElo "2475"]
[PlyCount "43"]
[EventDate "1992.??.??"]

1. e4 c5 2. g3 Nc6 3. Bg2 g6 4. Ne2 Bg7 5. O-O e6 6. Nbc3 Nge7 7. d3 O-O 8. Rb1
d6 9. a3 Nd4 10. Be3 Bd7 11. Qd2 Qc7 12. Bh6 Bxh6 13. Qxh6 b5 14. Nxd4 cxd4 15.
Ne2 e5 16. c3 dxc3 17. bxc3 Qc5 18. Rb4 Nc6 19. d4 exd4 20. cxd4 Qc2 21. Nf4
Nxb4 22. Nh5 1/2-1/2

[Event "BL 9293 Dortmund-Kirchheim"]
[Site "?"]
[Date "1992.??.??"]
[Round "?.3"]
[White "Graf, Ju"]
[Black "Stein, B."]
[Result "1/2-1/2"]
[WhiteElo "2445"]
[BlackElo "2370"]
[PlyCount "72"]
[EventDate "1992.??.??"]

1. c4 c5 2. Nc3 Nf6 3. Nf3 d5 4. cxd5 Nxd5 5. g3 Nc6 6. Nxd5 Qxd5 7. Bg2 g6 8.
O-O Bg7 9. d3 O-O 10. Be3 Qd6 11. Rc1 Nd4 12. Nxd4 cxd4 13. Bf4 e5 14. Bd2 Be6
15. Qa4 Qb6 16. b3 h5 17. Ba5 Qa6 18. Bb4 Qxa4 19. bxa4 Rfd8 20. a5 Rab8 21.
Rc7 Bf8 22. Bxf8 Kxf8 23. Rfc1 Rd7 24. f4 exf4 25. gxf4 Ke7 26. R7c2 Kd8 27. a3
Rd6 28. Rb2 b6 29. Rb4 Rc8 30. Rxc8+ Kxc8 31. axb6 axb6 32. Ra4 Kd8 33. Ra7 Rd7
34. Ra6 Rd6 35. Ra7 Rd7 36. Ra6 Rd6 1/2-1/2